Sectas y cultos satánicos
Saved in:
| Hovedforfatter: | |
|---|---|
| Format: | Bog |
| Sprog: | spansk |
| Udgivet: |
Bogotá
Paulinas
1997
|
| Udgivelse: | 1a. ed |
| Fag: | |
| Tags: |
Tilføj Tag
Ingen Tags, Vær først til at tagge denne postø!
|
MARC
| LEADER | 00000nam a2200000 a 4500 | ||
|---|---|---|---|
| 001 | UCK0304 | ||
| 003 | CL-VaPUC | ||
| 008 | 041001e19970000CK |||||||||||||||||spa|d | ||
| 020 | |a 9589419992 | ||
| 082 | 0 | 4 | |a 291.9 |b FER |2 21 |
| 100 | 0 | |a Ferrari, Giuseppe |e author |9 488209 | |
| 245 | 1 | 0 | |a Sectas y cultos satánicos |
| 250 | |a 1a. ed | ||
| 300 | |a 123 p | ||
| 942 | |c BK | ||
| 945 | |d 20041001 00:00:00 |a vberengu | ||
| 260 | |a Bogotá |b Paulinas |c 1997 | ||
| 650 | 0 | |a Sectas |9 320072 | |
| 650 | 0 | |a Creencias religiosas |9 373391 | |
| 583 | |a last modification |c 20041001 00:00:00 |k Rodrigo Vera | ||
| 999 | |c 310774 |d 310772 | ||
| 952 | |0 0 |1 0 |4 0 |6 291_900000000000000_FER_1997 |7 0 |8 A |9 379767 |a BIBTEO |b BIBTEO |d 2019-11-21 |i 4064550 |l 1 |m 1 |o 291.9 FER 1997 |p 4064550 |r 2024-01-18 |s 2022-11-15 |w 2019-11-21 |y BK |k ICR | ||